Statistics for Countries Closest to Russia

Click here to take the quiz!

General Stats

  • This quiz has been taken 8,674 times
    (8,310 since last reset)
  • The average score is 18 of 20

Answer Stats

kmcountry% Correct
0China
98%
0Mongolia
96%
0Ukraine
96%
0Finland
95%
0Estonia
94%
0Kazakhstan
94%
0Latvia
94%
0Lithuania
94%
0Belarus
92%
0North Korea
90%
0Poland
89%
0Georgia
88%
0Norway
86%
0Azerbaijan
85%
110Armenia
83%
43Japan
83%
208Sweden
83%
4United States
80%
136Türkiye
74%
165Iran
56%

Score Distribution

Percentile by Number Answered

Percent of People with Each Score

Your Score History

You have not taken this quiz since the last reset